Uniones de hecho /

Guardado en:
Autor Principal: Azpiri, Jorge O.
Formato: Libro
Idioma:Spanish
Publicado: Buenos Aires : Hammurabi, 2003
Edición:1a. ed.
Materias:
Etiquetas: Agregar Etiqueta
Sin Etiquetas, Sea el primero en etiquetar este registro!
LEADER 00885nam a22001695a 4500
001 DER.der001381
008 180615s2003####ag#||||||||||||||#||spa||
005 20251205182046.0
245 1 0 |a Uniones de hecho /  |c Jorge O. Azpiri. 
250 |a 1a. ed. 
260 |a Buenos Aires :  |b Hammurabi,  |c 2003 
300 |a 368 p. 
505 0 |a Prueba de la convivencia. Pérdida de derechos a raíz de la unión de hecho. Derechos reconocidos. Contratos entre convivientes. Alimentos. Deudas en el hogar. Exclusión de la vivienda. Tenencia y visita de hijos. Soluciones jurídicas no contempladas expresamente por la ley. Unión marital de hecho en el Derecho Penal, Laboral, Previsional y Procesal Civil. Pactos celebrados entre convivientes. La unión de hecho homosexual 
020 |a 9507411283 
100 1 |a Azpiri, Jorge O. 
650 7 |a DERECHO DE FAMILIA 
859 |a DERECHO  |b BIB. DERECHO  |h 346.016  |i AZP  |p 003454